MDQL
is popping MORE tags! Check the
thread
!
Quizzes
Events
Quiz Creation
Community
Videos
Private Events
Remove Ads
Sign In
Join for FREE
Feedback
Dark Mode
Quiz Categories
Sports
Geography
Music
Movies
Television
Just For Fun
Miscellaneous
History
Literature
Language
Science
Gaming
Entertainment
Religion
Holiday
For Kids
Quiz Lab
Recent
Popular Today
Quiz Kudos Today
Editor Picks
Curator Picks
Quizzes by...
Day
Popularity
Type
Ratings
Length
Year
Community
Subscriptions
Recent Discussions
Orange Saloon
Badges
Playlists
Quests
Create
Leaderboards
Showdown
Live 5
Trivia Bingo
Activity
Puzzle Library
Sporcle Events
Private Events
Virtual Trivia
Globe League
Become a Host
Pub Owners
SporcleCon
Opinionation
Our Games
Videos
Blog
Mobile Apps
Partnerships
Remove Ads and Go Orange
Feedback
Sports
Athletes
MLB
NBA
NHL
NFL
Soccer
Sports Teams
WWE
NCAA
Football
Premier League
Basketball
Baseball
Hockey
Golf
Tennis
Cricket
Rugby
Auto Racing
Olympics
World Cup
Sports
Athletes
MLB
NBA
NHL
NFL
Soccer
Sports Teams
WWE
NCAA
Football
Premier League
Basketball
Baseball
Hockey
Golf
Tennis
Cricket
Rugby
Auto Racing
Olympics
World Cup
Random Quiz
Search Sporcle
×
Quiz Lab
Quiz Lab
Sports
Football
Type in answers that appear in a list
Type in answers that appear in a list
Classic
Best Score? Go Orange.
Bengals Pro Bowl Players Stats
Can you name the Bengals Pro Bowl Players?
By
Bengals55
10m
48 Questions
669 Plays
669 Plays
669 Plays
Comments
Comments
Give Quiz Kudos
Give Quiz Kudos
-
- Ratings
hide this ad
More Info
Replay
Link that replays current quiz
Next Quiz
Link to next quiz in quiz playlist
You Got
0%
They Got
Avg Score
36%
Avg Friend Score
Upgrade to see
Score Distribution
Jump to the score distribution portion of the page
Score
0/48
Timer
10:00
0
Plays Today
Years Selected
Player
% Correct
6
Chad Ochocinco
97%
1
Rudi Johnson
89.4%
2
A.J. Green
89.3%
1
Pete Johnson
88.6%
1
Bob Johnson
88.3%
2
Carson Palmer
87.1%
1
Andy Dalton
84.4%
11
Anthony Munoz
81.8%
4
Willie Anderson
78.7%
4
Ken Anderson
78%
3
Boomer Esiason
75.2%
3
Corey Dillon
66.6%
2
Geno Atkins
63.1%
1
Harold Green
53.2%
2
Carl Pickens
50.2%
3
Cris Collinsworth
49.8%
1
Andrew Whitworth
48%
4
James Brooks
45.8%
1
T.J. Houshmandzadeh
44.3%
2
Jermaine Gresham
42.7%
1
Shayne Graham
41.8%
2
Tim Krumrie
38.7%
1
Jeff Blake
38.7%
1
Eddie Brown
38.3%
Years Selected
Player
% Correct
3
David Fulcher
37.7%
0
Ken Riley
36.9%
1
Deltha O'Neal
35.9%
4
Isaac Curtis
33.4%
4
Bob Trumpy
29.3%
3
Rodney Holman
27.4%
3
Max Montoya
26.3%
1
Tory James
25.5%
1
Lorenzo Neal
25.3%
6
Lemar Parrish
18.5%
1
Dan Ross
17.4%
1
Eric Thomas
17.4%
3
Tommy Casanova
13.7%
1
Tremain Mack
13.6%
1
Pat McInally
13.6%
0
Louis Breeden
13.3%
2
Coy Bacon
11.7%
1
Ashley Ambrose
11.4%
2
Paul Robinson
11.1%
2
Mike Reid
9.8%
1
Jim LeClair
8.1%
1
Bill Bergey
7.6%
0
Dave Lewis
7.1%
1
Chip Myers
5.3%
Quiz Playlist
Details
Report
Send in Message
Add To Playlist
More Info:
All Bengals Pro Bowlers and the three Bengals All-Pros who never played in the Pro Bowl.
Classic:
Type in answers that appear in a list
Last Updated: Feb 16, 2017
Quiz Scoreboard
CHALLENGE
Sign Up to Join the Scoreboard
Show All
Scores
Hide
Comments
May contain spoilers
Recently Published
1-10 Letter E Words III
by El_Dandy
Language
2m
Street Fighter Characters
by Artimus82
Gaming
60s
College Basketball Coaching Resumes
by pancakes188
Sports
9m
More to Explore
Quiz From the Vault
Featured Blog Post
Where Did the Easter Bunny Come From?
hide this ad
You Might Also Like...
Tags
Football Quiz
bengal
Bowl
Player
pro
Pro Bowl
Selected
Today's Top Quizzes in Sports
Browse Sports
hide this ad
Today's Top Quizzes in Football
Browse Football
Top Contributed Quizzes in Sports
1
2022 World Cup Stars
2
Les meilleurs buteurs des matchs entre le PSG et l’OM
3
FIFA Club World Cup Champions
4
Les entraîneurs de l'OM et du PSG au 21e siècle
5
Criteria MLB: Left Handed Sluggers
6
2023 MLB Unique Player Accomplishments
7
AFC Teams Reveal (Wrong Answers Minefield)
8
Players with Multiple 50 Home Run Seasons
9
5-to-1: FBS Animal Nicknames
10
5-to-1: UK Sports Teams
Explore More
Trending Topics
Marvel
NBA
Kpop
Anime
Disney
Crossword
Harry Potter
NFL
The Office
Soccer
WWE
Puzzle
Country
Pokémon
Song
hide this ad
More By:
Bengals55
Quiz
Plays
Rating
Category
Featured
Created
Bengals Pro Bowl Players
669
3.75
Sports
Feb 28, 2010
Go to Creator's Profile
Score Distribution
Quiz Creator Spotlight
Bengals55
Follow
Send a Message
Quizzes Created
-
Created Quiz Play Count
-
More By This Creator
Popular Quizzes Today
1
Find the US States - No Outlines Minefield
2
Find the Countries of Europe - No Outlines Minefield
3
The Countries of the World
4
Find the US States
5
Risky Map Clicking: Biggest States A-Z
6
US States
7
Popular People in 1961
8
Movies - When Are They Set?
More Sports Quizzes
NFL Hall of Fame QB Name Match
Published
Trending Quizzes
Risky Map Clicking: Least Populous States A-Z
USA Borders Longest to Shortest
1-10 Letter G Words
1-10 Letter F Words
Countries of the World: 200 Million BC
Recently Updated
Beyoncé Albums
pecheneg
Leaping Animals
pecheneg
Reality TV Shows (A-Z)
bhenderson79
Rickey Henderson's Hall of Fame Teammates
pecheneg
Champions League XIs: Arsenal
pecheneg
Quick Pick: Celebrities in WWE's Hall of Fame
aduchscher
A-Z Keypad Blitz II
pecheneg
Multiple Oscar Actors
pecheneg
Mystery Phrase Blitz: Oscar 'Best Actors'
pecheneg
F. Scott Fitzgerald Novels
LTH
Trending Topics
Harry Potter
Marvel
Kpop
Disney
Anime
NBA
Crossword
The Office
WWE
Soccer
Pokémon
Song
NFL
Country
Puzzle
Your Account Isn't Verified!
In order to create a playlist on Sporcle, you need to verify the email address you used during registration. Go to your
Sporcle Settings
to finish the process.
Report this User
Report this user for behavior that violates our
Community Guidelines
.
Details:
Send Report
Go to the Sporcle.com Mobile Site →
Comments